000 01495nam a2200253 a 4500
001 37308
003 BD-RjUL
005 20211209052610.0
008 141124s2012 bg ||||| mb|| 00| 0 ben d
035 _a(BD-RjUL)37411
040 _aBD-RjUL
_bben
_cBD-RjUL
_dBD-RjUL
041 _aben
082 _221
_a297.5
_bALA 2012
100 _aআলম, মো. মাসুদ
_9114333
245 _aআল-কুরআনে উল্লিখিত অপরাধসমূহ ও তার শাস্তি :
_bএকটি পর্যালোচনা /
_cমোঃ মাসুদ আলম ;
_6সুপারভাইজার : মোহাম্মাদ বেলাল হোসেন
260 _aরাজশাহী :
_bইসলামিক স্টাডিজ বিভাগ, রাজশাহী বিশ্ববিদ্যালয় ,
_c২০১২
300 _axvi, ২৯৭ পাতা ;
_c৩০ সেমি.
502 _aথিসিস (পিএইচ. ডি.) --ইসলামিক স্টাডিজ বিভাগ, রাজশাহী বিশ্ববিদ্যালয়, ২০১২.
504 _aগ্রন্থপঞ্জি : পাতা ২৮৫-২৯৭।
650 _aইসলাম ধর্ম
_vঅপরাধসমূহ
_9114334
650 _aIslam
_xSins
_9114344
700 _aহোসেন , মোহাম্মাদ বেলাল, সুপারভাইজার
_9114335
942 _2ddc
_cTHE
999 _c37308
_d37308